000 00698nam a22002297a 4500
005 20150324115408.0
010 _aENG-112243
020 _c75.00
035 _aEN-95775
037 _bDBAD/PUB
082 _a170
100 _aVenkat Reddy, R.
245 _aPhilosophy ethics /
_cby R. Venkat Reddy, V. Padmavathi [and] D.Balaganapathi ; edited by R. Venkat Reddy
260 _aHyderabad
_bTelugu Akademi
_c2012
270 _aTelugu Akademi
_bHyderabad
_e500029
300 _a179p.
_c24cm(pbk)
500 _aIncludes bibliographical references
700 _aPadmavathi, V.
700 _aBalaganapathi, D.
700 _aVenkat Reddy,R.
942 _2ddc
_cEN
_mVEN
_h170
999 _c91926
_d91926